000 01046cab a2200289 4500
001 ABS55189
008 090401t1996 xxu||||| |||| 00| 0 eng d
035 _a(Sirsi) u14727
041 _aeng
100 _aWayne, J
245 _aMaking up the rules as they go along
260 _c1996
350 _a0
490 _aInside Housing
_v13(17) 3 May 1996, 14-15(2)
520 _aReflects upon outcomes of Welsh housing associations` competition for grant allocation based on a system of rent bidding aimed at reducing rent levels. Reports on performance of housing associations in the period 1994/1995. Reflects on negative impact of the policy on financial viablilty and ability of smaller housing associations. Includes tables.
650 _aGRANT AID
650 _aGRANT ALLOCATION
650 _aHOUSING ASSOCIATIONS
650 _aHOUSING FOR WALES
650 _aHOUSING INVESTMENT
650 _aRENT BIDDING
650 _aRENT REDUCTION
650 _aWALES
690 _aHOUSING-FINANCE
942 _n0
948 _c04/03/1997
999 _c9609
_d9609